| 000 | 00000cem 2200000zi 4500 |
| 001 | 9.963021 |
| 003 | CaOODSP |
| 005 | 20260525091946 |
| 006 | m o c f |
| 007 | cr cn||||||||| |
| 007 | aj cznzn |
| 008 | 260525s1997 onca bh a fo 0 fre d |
| 034 | 1 |aa|b100000|dW0723000|eW0713000|fN0470000|gN0463000 |
| 040 | |aCaOODSP|bfre|erda|cCaOODSP |
| 043 | |an-cn-qu |
| 086 | 1 |aM183-2/3544F-PDF |
| 110 | 2 |aCommission géologique du Canada.|ecartographe, |eorganisme de publication. |
| 245 | 10|aGéologie des formations superficielles, région de Saint-Marc-des-Carrières, Québec. |
| 255 | |aÉchelle 1:100 000 ; |bProjection transverse universelle de Mercator |c(W 72°30'--W 71°30'/N 47°00'--N 46°30'). |
| 264 | 1|aOttawa : |bCommission géologique du Canada = Geological Survey of Canada, |c1997. |
| 300 | |a1 ressource en ligne (1 carte) : |bcouleur. |
| 336 | |aimage cartographique|bcri|2rdacontent/fre |
| 336 | |atexte|btxt|2rdacontent/fre |
| 337 | |ainformatique|bc|2rdamedia/fre |
| 338 | |aressource en ligne|bcr|2rdacarrier/fre |
| 490 | 0 |aDossier public = |aOpen file ; |v3544 |
| 500 | |aLe relief est représenté par des courbes. |
| 500 | |aComprend du texte, une carte de localisation, et une carte d'index. |
| 504 | |aComprend des références bibliographiques. |
| 650 | 6|aGéologie|zQuébec (Province)|vCartes. |
| 650 | 0|aGeology|zQuébec (Province)|vMaps. |
| 655 | 7|aCartes géologiques|2rvmgf |
| 655 | 7|aCartes géographiques numériques|2rvmgf |
| 655 | 7|aCartes géographiques|2rvmgf |
| 655 | 7|aGeological maps|2lcgft |
| 655 | 7|aDigital maps|2lcgft |
| 655 | 7|aMaps|2lcgft |
| 710 | 2 |aCentre géoscientifique de Québec, |ecartographe, |eorganisme de publication. |
| 830 | #0|aDossier public (Commission géologique du Canada)|v3544.|w(CaOODSP)9.880246 |
| 856 | 40|qPDF|s18.40 Mo|uhttps://publications.gc.ca/collections/collection_2026/rncan-nrcan/m183-2/M183-2-3544-fra.pdf |
| 856 | 4 |qHTML|sS.O.|uhttps://doi.org/10.4095/209369 |